<?xml version="1.0" encoding="UTF-8"?>
<record
    xmlns:xsi="http://www.w3.org/2001/XMLSchema-instance"
    xsi:schemaLocation="http://www.loc.gov/MARC21/slim http://www.loc.gov/standards/marcxml/schema/MARC21slim.xsd"
    xmlns="http://www.loc.gov/MARC21/slim">

  <leader>00620nam a2200145Ia 4500</leader>
  <controlfield tag="008">090124s9999    xx            000 0 und d</controlfield>
  <datafield tag="082" ind1=" " ind2=" ">
    <subfield code="b">19757</subfield>
  </datafield>
  <datafield tag="245" ind1=" " ind2=" ">
    <subfield code="a"> &#x938;&#x92F;&#x93C;&#x93E;&#x91C;&#x940;&#x930;&#x93E;&#x935; &#x917;&#x93E;&#x92F;&#x93C;&#x915;&#x935;&#x93E;&#x921; &#x92F;&#x93C;&#x93E;&#x902;&#x91A;&#x940; &#x92D;&#x93E;&#x937;&#x923;&#x923;&#x947; - 2</subfield>
  </datafield>
  <datafield tag="250" ind1=" " ind2=" ">
    <subfield code="a">1</subfield>
  </datafield>
  <datafield tag="260" ind1=" " ind2=" ">
    <subfield code="b">&#x926;&#x93E;&#x92E;&#x94B;&#x926;&#x930; &#x938;&#x93E;&#x902;&#x935;&#x933;&#x93E;&#x930;&#x93E;&#x92E; &#x906;&#x923;&#x93F; &#x92E;&#x902;&#x921;&#x933;&#x940;</subfield>
    <subfield code="c">1937</subfield>
  </datafield>
  <datafield tag="300" ind1=" " ind2=" ">
    <subfield code="a">331</subfield>
  </datafield>
  <datafield tag="630" ind1=" " ind2=" ">
    <subfield code="a"> &#x938;&#x92F;&#x93C;&#x93E;&#x91C;&#x940;&#x930;&#x93E;&#x935; &#x917;&#x93E;&#x92F;&#x93C;&#x915;&#x935;&#x93E;&#x921; &#x92F;&#x93C;&#x93E;&#x902;&#x91A;&#x940; &#x92D;&#x93E;&#x937;&#x923;&#x923;&#x947; - 2</subfield>
  </datafield>
  <datafield tag="730" ind1=" " ind2=" ">
    <subfield code="a"> &#x938;&#x92F;&#x93C;&#x93E;&#x91C;&#x940;&#x930;&#x93E;&#x935; &#x917;&#x93E;&#x92F;&#x93C;&#x915;&#x935;&#x93E;&#x921; &#x92F;&#x93C;&#x93E;&#x902;&#x91A;&#x940; &#x92D;&#x93E;&#x937;&#x923;&#x923;&#x947; - 2</subfield>
  </datafield>
  <datafield tag="942" ind1=" " ind2=" ">
    <subfield code="c">BOOK</subfield>
  </datafield>
  <datafield tag="999" ind1=" " ind2=" ">
    <subfield code="c">90147</subfield>
    <subfield code="d">90147</subfield>
  </datafield>
  <datafield tag="952" ind1=" " ind2=" ">
    <subfield code="0">0</subfield>
    <subfield code="1">0</subfield>
    <subfield code="4">0</subfield>
    <subfield code="7">0</subfield>
    <subfield code="a">THNNWM</subfield>
    <subfield code="b">THNNWM</subfield>
    <subfield code="d">0000-00-00</subfield>
    <subfield code="g">15.00</subfield>
    <subfield code="l">0</subfield>
    <subfield code="o">19757</subfield>
    <subfield code="p">THNNWM-19757</subfield>
    <subfield code="r">2009-01-24 00:00:00</subfield>
    <subfield code="v">15.00</subfield>
    <subfield code="w">2009-01-24</subfield>
    <subfield code="y">BOOK</subfield>
  </datafield>
</record>
